[Event "DEM U12/U12w 2008"]
[Site "Willingen GER"]
[Date "2008.05.17"]
[Round "11"]
[White "Knopf, Felix"]
[Black "Boberg, Tobias Marcel"]
[Result "1-0"]
[Termination "normal"]
[Board "35"]
[WhiteElo "1412"]
[BlackElo "1283"]
[PlyCount "43"]
[WhiteFideId "24692204"]
[BlackFideId "24692298"]
[EventCountry "GER"]
[EventRounds "11"]
[EventType "swiss"]
[EventDate "2008.05.10"]

1. d4 Nf6 2. Nf3 g6 3. c4 Bg7 4. Nc3 d5 5. cxd5 Nxd5 6. e4 Nf6 7. Bc4 Nc6 8.
O-O Bg4 9. e5 Bxf3 10. Qxf3 Nxd4 11. Qxb7 Nd7 12. Nd5 Bxe5 13. Bf4 Ne6 14. Bxe5
Nxe5 15. Bb5+ Kf8 16. Rfd1 Rb8 17. Qxa7 Rxb5 18. Nc3 Qb8 19. Nxb5 Qxb5 20. Qe3
Nc4 21. Qc3 Nf4 22. Qxh8# 1-0

[Event "DEM U12/U12w 2008"]
[Site "Willingen GER"]
[Date "2008.05.17"]
[Round "11"]
[White "Duchow, Julien"]
[Black "Berger, Nadja"]
[Result "0-1"]
[Termination "normal"]
[Board "36"]
[WhiteElo "1303"]
[BlackElo "1380"]
[PlyCount "160"]
[BlackFideId "24692212"]
[EventCountry "GER"]
[EventRounds "11"]
[EventType "swiss"]
[EventDate "2008.05.10"]

1. e4 c5 2. Nf3 e6 3. d4 cxd4 4. Nxd4 a6 5. Nc3 Qc7 6. Be3 Nf6 7. Qd2 d6 8. Be2
Nbd7 9. O-O b5 10. a3 Bb7 11. f3 Rc8 12. Rfd1 Nc5 13. Bf2 Be7 14. Rac1 O-O 15.
b4 Ncd7 16. Na2 Nb6 17. Nb3 Nc4 18. Bxc4 Qxc4 19. Qd3 Qxd3 20. cxd3 Nd7 21. Na5
Ba8 22. f4 f6 23. Rd2 Rxc1+ 24. Nxc1 Rc8 25. Na2 d5 26. Kf1 Kf7 27. Ke1 Nf8 28.
e5 Ng6 29. Bg3 Nf8 30. Bf2 h6 31. Nb3 Nd7 32. g3 fxe5 33. fxe5 Nxe5 34. Ke2 Nd7
35. Nd4 Bg5 36. Be3 Bxe3 37. Kxe3 Nf6 38. h3 g6 39. Re2 e5 40. Nb3 d4+ 41. Kf2
Bd5 42. Nc5 Bxa2 43. Rxa2 a5 44. Kf3 Ke7 45. g4 Nd7 46. Nxd7 Kxd7 47. bxa5 Ra8
48. Ke4 Kd6 49. Rf2 Ke6 50. Rc2 Rxa5 51. Rc6+ Kf7 52. Kxe5 b4+ 53. Kxd4 bxa3
54. Rc1 Ke6 55. Kc3 Rc5+ 56. Kd2 Rxc1 57. Kxc1 Kd5 58. Kc2 Kd4 59. h4 a2 60.
Kb2 Kxd3 61. Kxa2 Ke4 62. h5 g5 63. Kb2 Kf4 64. Kc2 Kxg4 65. Kd2 Kh3 66. Ke2 g4
67. Kf1 Kh2 68. Kf2 g3+ 69. Kf3 g2 70. Ke4 g1=Q 71. Kd5 Qe3 72. Kc4 Qd2 73. Kc5
Kg3 74. Kc4 Kf4 75. Kc5 Ke4 76. Kc4 Qc2+ 77. Kb5 Kd4 78. Kb6 Kd5 79. Kb7 Kd6
80. Kb6 Qb3+ 0-1

[Event "DEM U12/U12w 2008"]
[Site "Willingen GER"]
[Date "2008.05.17"]
[Round "11"]
[White "Lagunov, Elina"]
[Black "Hauffen, Franziska"]
[Result "0-1"]
[Termination "normal"]
[Board "37"]
[WhiteElo "1431"]
[BlackElo "1143"]
[PlyCount "152"]
[WhiteFideId "4673387"]
[EventCountry "GER"]
[EventRounds "11"]
[EventType "swiss"]
[EventDate "2008.05.10"]

1. e4 c5 2. Nf3 d6 3. d4 cxd4 4. Nxd4 Nf6 5. Nc3 a6 6. Bc4 e6 7. O-O Be7 8. Bb3
b5 9. a3 Bb7 10. Re1 Nbd7 11. f4 Qc7 12. Kh1 Rc8 13. Qf3 Nc5 14. Re2 Qb8 15.
Ba2 Qa8 16. Qg3 Ncxe4 17. Nxe4 Bxe4 18. Be3 Rb8 19. Rf1 O-O 20. f5 e5 21. Nb3
Kh8 22. Bg5 Bd5 23. h4 Bc4 24. Rfe1 Bxe2 25. Rxe2 Qb7 26. Nd2 Rbe8 27. Qh3 Nh5
28. Rf2 Qa7 29. Ne4 Bxg5 30. hxg5 Nf4 31. Qh4 Qe3 32. Nc3 Qa7 33. Ne4 Qb6 34.
g3 Qd4 35. gxf4 Qxe4+ 36. Kh2 Qxf5 37. fxe5 Qxe5+ 38. Kg2 Qe4+ 39. Qxe4 Rxe4
40. Rxf7 Rxf7 41. Bxf7 Rg4+ 42. Kf3 Rxg5 43. Be6 Re5 44. Bc8 Rc5 45. Bxa6 Rxc2
46. Bxb5 Rxb2 47. a4 Kg8 48. Ke4 Rd2 49. Bc4+ Kf8 50. a5 Ke7 51. a6 Rd1 52. Bb3
Ra1 53. Bc4 Kd7 54. Kd5 Ra5+ 55. Ke4 Kc7 56. Bg8 h6 57. Bc4 Kb6 58. Kd4 Ra4 59.
Kd5 Rxc4 60. Kxc4 Kxa6 61. Kd5 g5 62. Ke4 g4 63. Kf4 h5 64. Kg3 d5 65. Kf4 d4
66. Ke4 g3 67. Kxd4 g2 68. Ke5 g1=Q 69. Ke4 h4 70. Kd5 h3 71. Ke4 h2 72. Ke5
h1=R 73. Ke4 Qf2 74. Ke5 Re1+ 75. Kd6 Qd4+ 76. Kc7 Rc1+ 0-1

[Event "DEM U12/U12w 2008"]
[Site "Willingen GER"]
[Date "2008.05.17"]
[Round "11"]
[White "Rahimi, Anita"]
[Black "Viereck, Marten"]
[Result "0-1"]
[Termination "normal"]
[Board "38"]
[WhiteElo "1172"]
[BlackElo "1414"]
[PlyCount "88"]
[WhiteFideId "24692336"]
[BlackFideId "24692190"]
[EventCountry "GER"]
[EventRounds "11"]
[EventType "swiss"]
[EventDate "2008.05.10"]

1. d4 c5 2. c3 e6 3. Bf4 Nc6 4. e3 Nf6 5. h3 d5 6. Nf3 Bd7 7. Bd3 c4 8. Bc2 b5
9. a3 a5 10. Nbd2 b4 11. axb4 axb4 12. Rxa8 Qxa8 13. O-O b3 14. Bb1 Be7 15. e4
O-O 16. Re1 Qb7 17. Bg5 h6 18. Bxf6 Bxf6 19. e5 Be7 20. Qe2 Ra8 21. Nf1 Kf8 22.
Ng3 Ke8 23. Nh2 Kd8 24. Qg4 g6 25. Qf4 Be8 26. Qxh6 Qa7 27. Rf1 Nxd4 28. cxd4
Qxd4 29. Qc1 Qxe5 30. Rd1 Bf6 31. Qxc4 Qxb2 32. Qb4 Qc3 33. Qxc3 Bxc3 34. Rd3
d4 35. Ne4 Bb5 36. Rf3 Ra1 37. Nxc3 dxc3 38. Ng4 c2 39. Rxb3 Rxb1+ 40. Rxb1
cxb1=Q+ 41. Kh2 Qf5 42. Nh6 Qxf2 43. Ng4 Qf4+ 44. Kh1 Be2 0-1

[Event "DEM U12/U12w 2008"]
[Site "Willingen GER"]
[Date "2008.05.17"]
[Round "11"]
[White "Schreiber, Justina"]
[Black "Bajorski, Maria Sophie"]
[Result "0-1"]
[Termination "normal"]
[Board "40"]
[WhiteElo "1172"]
[BlackElo "1211"]
[PlyCount "52"]
[WhiteFideId "24661570"]
[BlackFideId "24654531"]
[EventCountry "GER"]
[EventRounds "11"]
[EventType "swiss"]
[EventDate "2008.05.10"]

1. e4 e5 2. Nc3 Nf6 3. f4 d5 4. fxe5 Nxe4 5. Nf3 Nc6 6. d4 Bg4 7. h3 Bh5 8. g4
Bg6 9. Bd3 Bb4 10. Bd2 Qd7 11. Qe2 Ng3 12. Qg2 Nxh1 13. Qxh1 Bxd3 14. cxd3
O-O-O 15. O-O-O h5 16. Qg2 hxg4 17. hxg4 Ne7 18. Bg5 Qc6 19. a3 Bxc3 20. Qc2 f6
21. exf6 gxf6 22. bxc3 fxg5 23. Nxg5 Qh6 24. Qd2 Rdg8 25. Nf7 Qxd2+ 26. Rxd2
Rh1+ 0-1

[Event "DEM U12/U12w 2008"]
[Site "Willingen GER"]
[Date "2008.05.17"]
[Round "11"]
[White "Neumann, Florian"]
[Black "Jermann, Isabel"]
[Result "1/2-1/2"]
[Termination "normal"]
[Board "41"]
[WhiteElo "1350"]
[BlackElo "1146"]
[PlyCount "49"]
[EventCountry "GER"]
[EventRounds "11"]
[EventType "swiss"]
[EventDate "2008.05.10"]

1. e4 c6 2. d4 d5 3. Nc3 dxe4 4. Nxe4 Nf6 5. Nxf6+ gxf6 6. c3 Bf5 7. Bf4 e6 8.
Bd3 Bxd3 9. Qxd3 Bd6 10. Bg3 f5 11. Ne2 Bxg3 12. Nxg3 Nd7 13. O-O-O Qg5+ 14.
Kb1 O-O-O 15. Qf3 Rhg8 16. Rhg1 Qg4 17. Qxg4 Rxg4 18. h3 Rg5 19. Kc2 Rdg8 20.
Rd3 f4 21. Ne4 Rxg2 22. Rxg2 Rxg2 23. Rf3 f5 24. Nd2 Rh2 25. a3 1/2-1/2

[Event "DEM U12/U12w 2008"]
[Site "Willingen GER"]
[Date "2008.05.17"]
[Round "11"]
[White "Puffay, Jana"]
[Black "Hellwig, Immo"]
[Result "0-1"]
[Termination "normal"]
[Board "42"]
[WhiteElo "1047"]
[BlackElo "1278"]
[PlyCount "24"]
[WhiteFideId "24692360"]
[EventCountry "GER"]
[EventRounds "11"]
[EventType "swiss"]
[EventDate "2008.05.10"]

1. e4 e5 2. Nf3 Nf6 3. Nc3 Nc6 4. Bc4 Nxe4 5. Nxe4 d5 6. Bb5 dxe4 7. Nxe5 Qg5
8. Bxc6+ bxc6 9. Nxc6 Qxg2 10. Rf1 Bg4 11. f3 Bxf3 12. Rxf3 exf3 0-1

[Event "DEM U12/U12w 2008"]
[Site "Willingen GER"]
[Date "2008.05.17"]
[Round "11"]
[White "Michels, Kim"]
[Black "Priese, Annika"]
[Result "1-0"]
[Termination "normal"]
[Board "43"]
[WhiteElo "926"]
[BlackElo "1256"]
[PlyCount "65"]
[WhiteFideId "24690066"]
[BlackFideId "24673730"]
[EventCountry "GER"]
[EventRounds "11"]
[EventType "swiss"]
[EventDate "2008.05.10"]

1. e4 c5 2. d4 cxd4 3. c3 d3 4. Bxd3 Nc6 5. Nf3 d6 6. O-O Nf6 7. h3 g6 8. Be3
Bg7 9. Nbd2 O-O 10. Nd4 Bd7 11. f4 Rc8 12. N2f3 Na5 13. Qe2 Nh5 14. Rfc1 Ng3
15. Qe1 Nh5 16. b3 Nf6 17. Qh4 Nc6 18. f5 Qc7 19. Bh6 Rfe8 20. Rf1 Nxd4 21.
cxd4 Qc3 22. Rad1 Nh5 23. Qg5 Qb2 24. Rd2 Qc3 25. Bc4 Kf8 26. fxg6 hxg6 27. e5
Bf5 28. Nh4 Be4 29. Rxf7+ Kg8 30. Rxg7+ Kh8 31. Nxg6+ Bxg6 32. Qxg6 Nxg7 33.
Qxg7# 1-0

[Event "DEM U12/U12w 2008"]
[Site "Willingen GER"]
[Date "2008.05.17"]
[Round "11"]
[White "Bohm, Stephanie"]
[Black "Diederichs, Luise"]
[Result "1/2-1/2"]
[Termination "normal"]
[Board "44"]
[WhiteElo "888"]
[BlackElo "1177"]
[PlyCount "60"]
[BlackFideId "24661597"]
[EventCountry "GER"]
[EventRounds "11"]
[EventType "swiss"]
[EventDate "2008.05.10"]

1. c4 e6 2. Nc3 Nf6 3. g3 d5 4. cxd5 exd5 5. Bg2 Bb4 6. e3 O-O 7. Nge2 Re8 8.
O-O Bg4 9. Re1 Nc6 10. a3 Bxc3 11. bxc3 Qe7 12. Bf1 Bf3 13. Bg2 Bxg2 14. Kxg2
Ne5 15. Nd4 Nd3 16. Rf1 c5 17. Nf5 Qe5 18. Nh4 Ne4 19. Nf3 Qf6 20. Qe2 c4 21.
Rb1 Nd6 22. Nd4 a6 23. a4 Qd8 24. Ba3 Rb8 25. Bxd6 Qxd6 26. Nf5 Qd7 27. Nd4
Qxa4 28. Qh5 Qd7 29. Rb6 g6 30. Qg5 Qe7 1/2-1/2

[Event "DEM U12/U12w 2008"]
[Site "Willingen GER"]
[Date "2008.05.17"]
[Round "11"]
[White "Triantafillidis, Katherina"]
[Black "Wulf, Constanze"]
[Result "0-1"]
[Termination "normal"]
[Board "45"]
[WhiteElo "993"]
[BlackElo "1047"]
[PlyCount "94"]
[WhiteFideId "24692409"]
[BlackFideId "24692379"]
[EventCountry "GER"]
[EventRounds "11"]
[EventType "swiss"]
[EventDate "2008.05.10"]

1. e4 d6 2. Nf3 Nf6 3. Nc3 g6 4. Be2 Bg7 5. d3 Nbd7 6. Bd2 c5 7. O-O O-O 8. Bg5
h6 9. Bh4 b6 10. d4 Bb7 11. d5 Re8 12. Re1 a6 13. h3 b5 14. Nh2 Qc7 15. Bf3 e6
16. a3 exd5 17. exd5 Nb6 18. Rxe8+ Rxe8 19. Bxf6 Bxf6 20. Ng4 Bg7 21. Rb1 Nc4
22. Qd3 Ne5 23. Nxe5 Rxe5 24. b4 Qe7 25. Qd2 Bc8 26. bxc5 dxc5 27. d6 Qe8 28.
Rd1 Kh7 29. d7 Bxd7 30. Qxd7 Qxd7 31. Rxd7 Re1+ 32. Kh2 Bxc3 33. Rxf7+ Kh8 34.
Rc7 Be5+ 35. g3 Bxc7 36. Kg2 Rc1 37. Be4 Kg7 38. h4 Ra1 39. Bc6 Rxa3 40. f3 Ra2
41. Be4 b4 42. Kh3 Rb2 43. f4 a5 44. f5 a4 45. fxg6 a3 46. Bd5 Rxc2 47. g4 Rh2#
0-1

[Event "DEM U12/U12w 2008"]
[Site "Willingen GER"]
[Date "2008.05.17"]
[Round "11"]
[White "Ludwig, Maria"]
[Black "Röhlich, Anna"]
[Result "1/2-1/2"]
[Termination "normal"]
[Board "46"]
[WhiteElo "866"]
[BlackElo "1043"]
[PlyCount "42"]
[WhiteFideId "24655791"]
[EventCountry "GER"]
[EventRounds "11"]
[EventType "swiss"]
[EventDate "2008.05.10"]

1. e4 c5 2. Nc3 Nc6 3. f4 d6 4. Nf3 g6 5. Bc4 Bg7 6. d3 Nf6 7. Bd2 a6 8. Qe2 b5
9. Bd5 Bd7 10. O-O-O Qa5 11. Kb1 b4 12. e5 Nxd5 13. Nxd5 O-O 14. Rdg1 Be6 15.
Qe4 c4 16. dxc4 Rab8 17. Ng5 Bxd5 18. cxd5 Nd8 19. g4 Qb5 20. h4 dxe5 21. fxe5
a5 1/2-1/2

[Event "DEM U10/U10w 2008"]
[Site "Willingen GER"]
[Date "2008.05.11"]
[Round "1"]
[White "Myagkov, Kirill"]
[Black "Schnepper, Pauline"]
[Result "0-1"]
[Termination "normal"]
[Board "3"]
[WhiteElo "1582"]
[BlackElo "1145"]
[PlyCount "132"]
[WhiteFideId "24657042"]
[BlackFideId "12918040"]
[EventCountry "GER"]
[EventRounds "11"]
[EventType "swiss"]
[EventDate "2008.05.10"]

1. e4 c5 2. Nc3 d6 3. g3 Nc6 4. Bg2 Nf6 5. f4 Bd7 6. Nf3 g6 7. d3 Bg7 8. Be3
O-O 9. O-O e6 10. Rb1 d5 11. Bxc5 Re8 12. Nd2 Rc8 13. Ba3 Qb6+ 14. Kh1 Nd4 15.
exd5 exd5 16. Nxd5 Nxd5 17. Bxd5 Bc6 18. Be4 Bxe4+ 19. Nxe4 Nxc2 20. Nd6 Nxa3
21. Nxc8 Qc6+ 22. Qf3 Qxf3+ 23. Rxf3 Nxb1 24. Nd6 Re7 25. Nc8 Rd7 26. Nxa7 Bxb2
27. Re3 Kf8 28. Nc8 Bf6 29. Nb6 Re7 30. Re4 Nc3 31. Rxe7 Bxe7 32. d4 Nxa2 33.
Kg2 Ke8 34. Kf3 Kd8 35. Ke4 f5+ 36. Ke5 Kc7 37. Nd5+ Kd7 38. Nb6+ Kc6 39. Nc8
Bf8 40. d5+ Kd7 41. Nb6+ Kc7 42. Na8+ Kd8 43. Nb6 Nb4 44. Ke6 Na6 45. Kf7 Bc5
46. Nc4 b5 47. Ne5 b4 48. Nc4 b3 49. d6 Kd7 50. Kg7 Bxd6 51. Kxh7 Nc5 52. Kxg6
Ke6 53. h4 Nd3 54. h5 b2 55. Nxb2 Nxb2 56. h6 Be7 57. g4 fxg4 58. f5+ Ke5 59.
Kf7 Bf6 60. Kg6 g3 61. h7 g2 62. h8=Q Bxh8 63. Kh7 g1=Q 64. Kxh8 Kxf5 65. Kh7
Kf6 66. Kh8 Qg7# 0-1

[Event "DEM U10/U10w 2008"]
[Site "Willingen GER"]
[Date "2008.05.11"]
[Round "1"]
[White "Mager, Denis"]
[Black "Wagner, Robert"]
[Result "0-1"]
[Termination "normal"]
[Board "4"]
[WhiteElo "1145"]
[BlackElo "1561"]
[PlyCount "58"]
[WhiteFideId "24691127"]
[BlackFideId "24656879"]
[EventCountry "GER"]
[EventRounds "11"]
[EventType "swiss"]
[EventDate "2008.05.10"]

1. d4 Nf6 2. c4 e6 3. Bf4 d5 4. e3 c5 5. Nf3 Nc6 6. Ne5 cxd4 7. Nxc6 bxc6 8.
Qxd4 Bd6 9. Nd2 c5 10. Qc3 d4 11. Qa3 Bxf4 12. exf4 Qc7 13. g3 Bb7 14. Rg1 O-O
15. Bg2 Bxg2 16. Rxg2 Qc6 17. Rg1 Rfe8 18. Rd1 e5 19. fxe5 Rxe5+ 20. Kf1 Ng4
21. Rg2 Rae8 22. Qf3 Qe6 23. Kg1 Re2 24. Kh1 Rxd2 25. Rxd2 Qe1+ 26. Rg1 Qxd2
27. Qxg4 Qxf2 28. Qd7 Qf3+ 29. Rg2 Re1# 0-1

[Event "DEM U10/U10w 2008"]
[Site "Willingen GER"]
[Date "2008.05.11"]
[Round "1"]
[White "Srokovskiy, Andrea"]
[Black "Wenzke, Tim"]
[Result "1-0"]
[Termination "normal"]
[Board "5"]
[WhiteElo "1528"]
[BlackElo "1129"]
[PlyCount "127"]
[WhiteFideId "4624947"]
[EventCountry "GER"]
[EventRounds "11"]
[EventType "swiss"]
[EventDate "2008.05.10"]

1. e4 d5 2. exd5 Qxd5 3. Nc3 Qa5 4. Bc4 Bf5 5. d3 c6 6. Bd2 Qc7 7. Qe2 e6 8.
O-O-O Nf6 9. Nf3 Nbd7 10. Nd4 Be7 11. Rde1 Qd6 12. Nxf5 exf5 13. h3 b5 14. Bb3
a5 15. a3 b4 16. Nb1 Ra7 17. Bg5 Nc5 18. Bc4 O-O 19. Qf3 g6 20. Re2 Rc8 21.
Rhe1 Na4 22. Bf4 Qd8 23. Bg5 Kf8 24. Qe3 Rcc7 25. Bh6+ Kg8 26. Bg5 c5 27. Qg3
Qd4 28. Qe5 Qd8 29. Qf4 Kf8 30. Bh6+ Kg8 31. Bg5 Nb6 32. Bxf6 Rcb7 33. Qh6 Qf8
34. Qxf8+ Kxf8 35. Bxe7+ Rxe7 36. Rxe7 Rxe7 37. Rxe7 Kxe7 38. axb4 axb4 39. c3
f6 40. cxb4 cxb4 41. Nd2 g5 42. Nb3 Kd6 43. Kd2 h6 44. Ke3 Na4 45. Nd4 Ke5 46.
Nc6+ Kd6 47. Nxb4 Nxb2 48. Bb3 Kc5 49. Nd5 Nd1+ 50. Bxd1 Kxd5 51. d4 f4+ 52.
Kd3 Kd6 53. Kc4 Kc6 54. d5+ Kd6 55. Bg4 Ke7 56. Kc5 Ke8 57. d6 Kd8 58. Kc6 Ke8
59. Kc7 Kf7 60. d7 Kg7 61. d8=Q Kh7 62. Bf5+ Kg7 63. Qe7+ Kg8 64. Bg6 1-0

[Event "DEM U10/U10w 2008"]
[Site "Willingen GER"]
[Date "2008.05.11"]
[Round "1"]
[White "Petermann, Tessa"]
[Black "Bluhm, Sonja Maria"]
[Result "0-1"]
[Termination "normal"]
[Board "6"]
[WhiteElo "1124"]
[BlackElo "1520"]
[PlyCount "138"]
[WhiteFideId "12929492"]
[BlackFideId "24654027"]
[EventCountry "GER"]
[EventRounds "11"]
[EventType "swiss"]
[EventDate "2008.05.10"]

1. e4 e5 2. Nf3 Nc6 3. d4 exd4 4. Nxd4 Bb4+ 5. c3 Bc5 6. Be3 Bb6 7. Bc4 d6 8.
O-O Nf6 9. Nd2 O-O 10. Qf3 Ne5 11. Qe2 Re8 12. Bb3 Ng6 13. Qf3 Bg4 14. Qg3 h5
15. f3 Bd7 16. Bg5 c5 17. Nf5 c4+ 18. Kh1 cxb3 19. Nxd6 Bc7 20. Bxf6 gxf6 21.
Rfd1 h4 22. Qf2 Bxd6 23. Nc4 Be5 24. axb3 Qc7 25. Nxe5 fxe5 26. Rac1 a6 27. Rd2
Rad8 28. Rg1 Be6 29. Rxd8 Rxd8 30. b4 Qd6 31. Qe1 Qd2 32. Qxd2 Rxd2 33. g3 hxg3
34. hxg3 Rf2 35. Rd1 Ne7 36. Rd8+ Kg7 37. Re8 Nc6 38. Ra8 Rxf3 39. Kh2 Rf2+ 40.
Kg1 Rxb2 41. Re8 Re2 42. Kf1 Rxe4 43. Kf2 Rc4 44. Ke3 Rxc3+ 45. Kf2 Rb3 46. Ke2
Rxg3 47. Kf2 Rb3 48. Ke2 Rxb4 49. Kd3 Rd4+ 50. Kc3 Rd8 51. Rxd8 Nxd8 52. Kd3
Kf6 53. Ke4 b5 54. Kd3 b4 55. Kc2 b3+ 56. Kb2 e4 57. Kc3 e3 58. Kd3 b2 59. Kxe3
b1=Q 60. Kf3 Qb4 61. Ke3 Qc4 62. Kf3 Qd4 63. Ke2 Qc3 64. Kf2 Qd3 65. Kg2 Qe3
66. Kh1 Qe2 67. Kg1 Kg5 68. Kh1 Bd5+ 69. Kg1 Qg2# 0-1

[Event "DEM U10/U10w 2008"]
[Site "Willingen GER"]
[Date "2008.05.11"]
[Round "1"]
[White "Bach, Jannik"]
[Black "Damm, Nils"]
[Result "1-0"]
[Termination "normal"]
[Board "7"]
[WhiteElo "1642"]
[BlackElo "1109"]
[PlyCount "63"]
[WhiteFideId "24615900"]
[BlackFideId "24693065"]
[EventCountry "GER"]
[EventRounds "11"]
[EventType "swiss"]
[EventDate "2008.05.10"]

1. e4 e5 2. Nf3 Nc6 3. Bc4 Bc5 4. c3 Nf6 5. d4 exd4 6. e5 Ng4 7. cxd4 d5 8. Bb5
Bb4+ 9. Nc3 O-O 10. O-O Bf5 11. a3 Bxc3 12. bxc3 Be4 13. h3 Nh6 14. Bxh6 Bxf3
15. Qxf3 gxh6 16. Qe3 Qg5 17. f4 Qg6 18. Bd3 f5 19. Kh1 Kf7 20. g4 Ne7 21. Rg1
Qe6 22. Qf3 Ke8 23. gxf5 Nxf5 24. Qh5+ Qf7 25. Qxf7+ Rxf7 26. Rg8+ Rf8 27.
Rxf8+ Kxf8 28. Bxf5 Kg7 29. Rg1+ Kh8 30. Bg4 Rf8 31. Rf1 b6 32. f5 1-0

[Event "DEM U10/U10w 2008"]
[Site "Willingen GER"]
[Date "2008.05.11"]
[Round "1"]
[White "Kempe, Anne"]
[Black "Xiong, Ferdinand"]
[Result "0-1"]
[Termination "normal"]
[Board "8"]
[WhiteElo "1103"]
[BlackElo "1500"]
[PlyCount "132"]
[WhiteFideId "12918083"]
[BlackFideId "24654132"]
[EventCountry "GER"]
[EventRounds "11"]
[EventType "swiss"]
[EventDate "2008.05.10"]

1. e4 c5 2. Nf3 d6 3. d4 cxd4 4. Nxd4 Nf6 5. Nc3 g6 6. Be3 Bg7 7. f3 O-O 8. Bc4
Nc6 9. Qd2 Bd7 10. O-O-O Qa5 11. Kb1 Rfc8 12. Bb3 Ne5 13. Nd5 Qxd2 14. Rxd2 Kf8
15. Bg5 Nxd5 16. Bxd5 Nc4 17. Rd3 Rc7 18. c3 Rac8 19. Re1 b5 20. f4 a5 21. Rf1
h6 22. Bh4 b4 23. Be1 Bxd4 24. Rxd4 Bb5 25. Rf3 Nb6 26. Bb3 Rc5 27. g4 a4 28.
Bc2 bxc3 29. Bxc3 a3 30. Rd2 Nc4 31. Re2 axb2 32. Bd4 R5c6 33. f5 Na3+ 34. Rxa3
Bxe2 35. fxg6 Rxc2 36. g7+ Kg8 37. Bxb2 e5 38. h4 Rd2 39. Rc3 Rxc3 40. Bxc3
Bd3+ 41. Ka1 Rg2 42. a4 Bxe4 43. a5 Kxg7 44. a6 Bd5 45. a7 Ra2+ 46. Kb1 Rxa7
47. g5 h5 48. g6 Kxg6 49. Ba1 Kf5 50. Bb2 e4 51. Bc1 Kg4 52. Bb2 e3 53. Bd4
Rb7+ 54. Ka1 e2 55. Bc3 f5 56. Bd2 f4 57. Be1 f3 58. Bf2 Re7 59. Be1 Kh3 60.
Bf2 e1=Q+ 61. Bxe1 Rxe1+ 62. Kb2 f2 63. Kc2 f1=Q 64. Kd2 Rd1+ 65. Kc3 Qc4+ 66.
Kb2 Qb3# 0-1

[Event "DEM U10/U10w 2008"]
[Site "Willingen GER"]
[Date "2008.05.11"]
[Round "1"]
[White "Schröder, Jan-Christian"]
[Black "Borrink, Guido"]
[Result "1-0"]
[Termination "normal"]
[Board "9"]
[WhiteElo "1477"]
[BlackElo "1098"]
[PlyCount "68"]
[WhiteFideId "24662259"]
[BlackFideId "1270502"]
[EventCountry "GER"]
[EventRounds "11"]
[EventType "swiss"]
[EventDate "2008.05.10"]

1. e4 e6 2. d4 d5 3. e5 c5 4. c3 Qb6 5. Nf3 Bd7 6. a3 a5 7. Qc2 c4 8. Bf4 Nc6
9. Nbd2 a4 10. Be2 Na5 11. O-O Ne7 12. Bg3 Ng6 13. Ng5 h6 14. Nh3 Be7 15. f4
Qd8 16. Bg4 h5 17. Be2 b5 18. Qd1 h4 19. Be1 Bf8 20. Bg4 Ne7 21. Nf3 Nb3 22.
Rb1 Nc6 23. Qc2 Qe7 24. f5 O-O-O 25. Nfg5 Kb8 26. fxe6 fxe6 27. Qg6 Rh6 28. Qf7
Re8 29. Qxe7 Bxe7 30. Nf7 Rh7 31. Nfg5 Bxg5 32. Nxg5 Rhh8 33. Rf7 Bc8 34. Rxg7
Rh6 1-0

[Event "DEM U10/U10w 2008"]
[Site "Willingen GER"]
[Date "2008.05.11"]
[Round "1"]
[White "Koch, Elisabeth"]
[Black "Bilchinski, Anton"]
[Result "1/2-1/2"]
[Termination "normal"]
[Board "10"]
[WhiteElo "1097"]
[BlackElo "1477"]
[PlyCount "64"]
[WhiteFideId "24695068"]
[BlackFideId "24615765"]
[EventCountry "GER"]
[EventRounds "11"]
[EventType "swiss"]
[EventDate "2008.05.10"]

1. e4 e5 2. Nf3 d6 3. Nc3 Nf6 4. d4 exd4 5. Nxd4 Be7 6. Bc4 O-O 7. O-O c5 8.
Nb3 Nc6 9. Bf4 a6 10. a4 b6 11. Bd5 Qc7 12. a5 b5 13. Nxc5 Rb8 14. Bxc6 Qxc6
15. b4 Ra8 16. Nd5 Nxd5 17. exd5 Qc7 18. Re1 Bf5 19. Qd2 Rfe8 20. Re2 Qc8 21.
Rae1 dxc5 22. Rxe7 Rxe7 23. Rxe7 cxb4 24. Qxb4 Qxc2 25. h3 Qd1+ 26. Kh2 Qxd5
27. Qe1 Be6 28. f3 h6 29. Qg3 Qd8 30. Bxh6 Qf8 31. Rc7 Kh7 32. Bg5 f6 1/2-1/2

[Event "DEM U10/U10w 2008"]
[Site "Willingen GER"]
[Date "2008.05.11"]
[Round "1"]
[White "Peters, Tom"]
[Black "Braun, Nicklas Stefan"]
[Result "1-0"]
[Termination "normal"]
[Board "11"]
[WhiteElo "1472"]
[BlackElo "1097"]
[PlyCount "74"]
[WhiteFideId "24694444"]
[EventCountry "GER"]
[EventRounds "11"]
[EventType "swiss"]
[EventDate "2008.05.10"]

1. e4 e5 2. Nf3 Nc6 3. Bc4 Bc5 4. c3 Nf6 5. d3 h6 6. Nbd2 d6 7. O-O Bd7 8. h3
O-O 9. Re1 Qc8 10. Re2 Bxh3 11. gxh3 Qxh3 12. Qf1 Qg3+ 13. Qg2 Qxg2+ 14. Kxg2
Nh5 15. Nf1 Nf6 16. N3h2 Kh8 17. Ng3 Nh7 18. a4 a5 19. Nf5 Ng5 20. Bxg5 hxg5
21. Rh1 Kg8 22. Nf3 g6 23. Nh6+ Kg7 24. Nxg5 Nd8 25. Nhxf7 Nxf7 26. Nxf7 c6 27.
Ng5 Kf6 28. Nh7+ Kg7 29. Nxf8 Rxf8 30. b4 axb4 31. cxb4 Bxb4 32. Rb2 Bc5 33.
Rxb7+ Kf6 34. Rh3 Kg5 35. Rg3+ Kh6 36. Bf7 Rh8 37. Rh3+ Kg7 1-0

[Event "DEM U10/U10w 2008"]
[Site "Willingen GER"]
[Date "2008.05.11"]
[Round "1"]
[White "Kasel, Ronaldo"]
[Black "Hartge, Gedeon"]
[Result "1-0"]
[Termination "normal"]
[Board "13"]
[WhiteElo "1438"]
[BlackElo "1064"]
[PlyCount "45"]
[WhiteFideId "24660949"]
[BlackFideId "12932116"]
[EventCountry "GER"]
[EventRounds "11"]
[EventType "swiss"]
[EventDate "2008.05.10"]

1. e4 c5 2. Nf3 e6 3. Nc3 Nc6 4. d4 cxd4 5. Nxd4 Bb4 6. Nxc6 bxc6 7. Qd4 Bxc3+
8. bxc3 Nf6 9. Bg5 h6 10. Bh4 g5 11. Bg3 Rg8 12. Bd6 Bb7 13. e5 Nd5 14. c4 Nc7
15. c5 Nb5 16. Bxb5 cxb5 17. O-O Ba6 18. Qd3 Rh8 19. f4 Qc8 20. Qf3 Rh7 21.
fxg5 hxg5 22. Qf6 Qd8 23. Qg6 1-0

[Event "DEM U10/U10w 2008"]
[Site "Willingen GER"]
[Date "2008.05.11"]
[Round "1"]
[White "Berkov, Mikhail"]
[Black "Böhm, Jana"]
[Result "0-1"]
[Termination "time forfeit"]
[Board "15"]
[WhiteElo "1402"]
[BlackElo "1023"]
[PlyCount "64"]
[WhiteFideId "24678783"]
[BlackFideId "24661589"]
[EventCountry "GER"]
[EventRounds "11"]
[EventType "swiss"]
[EventDate "2008.05.10"]

1. e4 e5 2. Nf3 Nc6 3. Bb5 a6 4. Ba4 Nf6 5. O-O b5 6. Bb3 Bc5 7. d3 d6 8. h3
O-O 9. Bg5 Be6 10. Nc3 Na5 11. Kh1 Nxb3 12. axb3 c6 13. d4 exd4 14. Nxd4 b4 15.
Nce2 h6 16. Bxf6 Qxf6 17. Nxc6 Rfc8 18. Ncd4 Rd8 19. Rb1 d5 20. e5 Qg5 21. Nf3
Qg6 22. Ng3 f6 23. Qe2 Re8 24. exf6 Qxf6 25. Qe5 Qf7 26. Qh5 Qf6 27. Ne5 Bd4
28. Nd3 Bf7 29. Qd1 Bg6 30. Nxb4 Be4 31. Nxe4 dxe4 32. c3 Be5 0-1